Nonlinear optics (Record no. 5796)

MARC details
000 -LEADER
fixed length control field 00629nam a2200205Ia 4500
003 - CONTROL NUMBER IDENTIFIER
control field IN-BaIIA
008 - FIXED-LENGTH DATA ELEMENTS--GENERAL INFORMATION
fixed length control field 211028s9999 xx 000 0 eng d
020 ## - INTERNATIONAL STANDARD BOOK NUMBER
International Standard Book Number 0-12-325950-9
040 ## - CATALOGING SOURCE
Transcribing agency IIA Library
080 ## - UNIVERSAL DECIMAL CLASSIFICATION NUMBER
Universal Decimal Classification number 535
Item number NON
245 #0 - TITLE STATEMENT
Title Nonlinear optics
Statement of responsibility, etc. edited by Philip G Harper and Brain S Wherrett
260 ## - PUBLICATION, DISTRIBUTION, ETC.
Place of publication, distribution, etc. London
Name of publisher, distributor, etc. Academic Press
Date of publication, distribution, etc. 1977
650 ## - SUBJECT ADDED ENTRY--TOPICAL TERM
Topical term or geographic name entry element Electromagnetic radiation
9 (RLIN) 2288
650 ## - SUBJECT ADDED ENTRY--TOPICAL TERM
Topical term or geographic name entry element NASA Thesaurus
650 ## - SUBJECT ADDED ENTRY--TOPICAL TERM
Topical term or geographic name entry element Nonlinear optics
9 (RLIN) 5388
650 ## - SUBJECT ADDED ENTRY--TOPICAL TERM
Topical term or geographic name entry element Optics
700 ## - ADDED ENTRY--PERSONAL NAME
Personal name Harper, Philip G., ed.
9 (RLIN) 10035
700 ## - ADDED ENTRY--PERSONAL NAME
Personal name Wherrett, Brain S., ed.
9 (RLIN) 10036
942 ## - ADDED ENTRY ELEMENTS (KOHA)
Koha item type Books
Holdings
Withdrawn status Lost status Damaged status Not for loan Home library Current library Shelving location Date acquired Total Checkouts Full call number Barcode Date last seen Price effective from Koha item type
        IIA Library-Bangalore IIA Library-Bangalore General Stacks 29/04/1978   535/ NON 6483 05/11/2021 29/04/1978 Books

Powered by Koha